| 000 | 01273cam a22002055a 4500 | ||
|---|---|---|---|
| 001 | L140643 | ||
| 008 | 071003s1926 xxkab f 000 0 eng d | ||
| 035 | _a(Sirsi) u140643 | ||
| 041 | 0 | _aeng | |
| 110 | 2 |
_aLondon Topographical Society _9106 |
|
| 245 | 0 | 0 | _aDrawings of buildings in area described in 'The early history of Piccadilly, Leicester Square and Soho by C. L. Kingsford, F.S.A., F.B.A.' Cambridge, 1926 |
| 250 | _aFacsim. | ||
| 260 |
_aLondon _bLondon Topographical Society _c1926 |
||
| 300 |
_a9 sheets _bill., map, in folder _c36 x 56 cm., folded to 36 x 28 cm. |
||
| 505 | 2 | _aCharing Cross c. 1740 -- Castle Street and Hemmings Row -- Argyll House, Argyll Street, Regent Street -- Archbiship Tenison's Library and School in Castle Street, Leicester Square -- The Old Opera House, Haymarket, built by Sir John Vanbrugh, 1705 -- D'Almaine's House, Soho Square -- Panton Square -- Trinity Chapel, Conduit Street --Roamund's Pond int he Green Park -- View from the Regent Circus, Piccadilly, looking south, with a view of Carlton House -- View of the County Fire Office and the Quadrant, Regent Street -- A plan of West London | |
| 520 | _aBlack and white reproductions housed in a folder. | ||
| 651 | 4 | _aLondon | |
| 690 | _aBUILT ENVIRONMENT | ||
| 942 | _n0 | ||
| 999 |
_c107527 _d107527 |
||